000 00737nam a2200217Ia 4500
005 20241129105903.0
008 241129s9999||||xx |||||||||||||| ||und||
020 _a978-81-7883-028-5
037 _aTB
040 _aARTS
_bpun
_cARTS
041 _apun
_2pun
084 _aO153,1NGU1x Q9
_qARTS
100 _aਗੁਲਾਟੀ, ਸਤੀF, ਚ।
_9624537
245 0 _aਚੁੱਪ ਦੇ ॥ਿਲਾਖ਼
_cਗੁਲਾਟੀ, ਸਤੀF, ਚ।
260 _aਲੁਧਿਆਣਾ, ਭਾਰਤ
_bਲੁਧਿਆਣਾ ਚੇਤਨਾ ਪ੍ਰਕਾFਨ
_c2019
300 _a93ਪ੍ਰ0
365 _aINR
_b150
650 _aPunjabi Poetry
_9187334
942 _cTB
_hO153,1NGU1x Q9
999 _c1226443
_d1226443